[Event "401 Stay Safe Play From Home series"]
[Site "Emanuel Lasker Arena"]
[Date "2020.08.21"]
[Round "2"]
[White "Hickey"]
[Black "Lazieri3"]
[Result "1-0"]
[WhiteElo "2225"]
[BlackElo "1974"]
[Annotator "TA"]
[PlyCount "75"]
[EventDate "2020.08.21"]
[EventType "swiss (blitz)"]

{[%evp 9,75,26,58,47,58,54,47,-54,-53,-58,-42,-47,-77,-54,-47,-135,-112,-54,-15,-21,5,43,41,58,220,-55,58,65,58,58,66,-181,81,-68,312,180,203,185,185,182,229,233,248,198,233,225,280,95,95,96,97,105,415,108,224,218,218,218,216,211,211,203,201,187,194,175,195,163]} 1. Nf3 c6 2. b3 d5 3. Bb2 Nf6 4. g3 Bf5 5. Bg2 Qc8 6. d3 {A07: Réti Opening: New York and Capablanca Systems.} Bh3 7. O-O h5 {[#]} 8. e3 $146 (8. e4 $14) ({Predecessor:} 8. Bxh3 Qxh3 9. Ng5 Qf5 10. h4 e5 11. e4 dxe4 12. dxe4 Qg6 13. Bxe5 Nbd7 14. Bb2 Bc5 15. Qf3 O-O 16. Nd2 {½-½ (16) Szekeres,S (2138)-Fodre,S (2268) Gyongyos 2004}) 8... h4 $1 $15 9. Nxh4 g5 10. Nf3 $1 {[%cal Rf3g5]} Bxg2 11. Kxg2 Qh3+ $1 12. Kg1 ({Only move:} 12. Kh1 $1 $15) 12... Nbd7 {[%mdl 1024] Black has strong compensation.} 13. Re1 ({White should play} 13. Nbd2 $17) 13... Rh6 {Hoping for ...e5!} 14. Nbd2 Ng4 15. Nf1 $36 {[%mdl 2048] White has the initiative.} f6 16. e4 Nde5 $2 (16... e5 $14) 17. Nxe5 $2 (17. Bxe5 $1 $18 Nxe5 18. Nxe5 fxe5 19. exd5) 17... Nxh2 ({Better is} 17... fxe5 $15 18. Qf3 Rf6) 18. Nxh2 $14 Qxh2+ 19. Kf1 {aiming for Nf3.} fxe5 20. Qg4 $2 {[#]} (20. Qf3 $1 $14) 20... dxe4 $2 (20... Rf6 $1 $19 {[%csl Gh2][%cal Rf6f2][%mdl 512]} 21. f3 Rh6 22. Bxe5 Qh1+ 23. Kf2 Rh2+ 24. Ke3 Qg2 25. exd5 Qf2+ 26. Ke4 cxd5+ 27. Kf5 Kf7) 21. Rxe4 {[#]} (21. Qxe4 $16 Bg7 22. Ke2 (22. Bxe5 $2 Bxe5 23. d4 Bd6 $19) (22. Qg2 O-O-O $14)) 21... Qh1+ $2 (21... Rf6 $1 $15 {[%mdl 512] keeps the upper hand.} 22. f4 gxf4 23. gxf4 Qxc2 24. Bxe5 Qxd3+ 25. Qe2 Qh3+ 26. Qg2 Rh6 27. Qxh3 Rxh3) 22. Ke2 $18 Qh5 23. Qxh5+ Rxh5 24. Bxe5 O-O-O 25. Re1 e6 26. Bb2 Bd6 27. Rxe6 Rh2 28. Re4 $2 (28. Bf6 $18 {has better winning chances.} Bxg3 29. Bxd8 (29. Bxg5 Bxf2 30. Bxd8 Bxe1+ 31. Kxe1 Kxd8 $16) 29... Rxf2+ 30. Kd1 Kxd8 31. Re8+ Kc7 32. R1e7+ Kb6 33. Rd7) 28... Bxg3 $16 {[#]} 29. Rf1 $1 Bf4 30. Bd4 Rdh8 $2 {[%mdl 8192]} (30... b6 $16) 31. Be3 $2 (31. Bxh8 $18 {and the rest is easy.} Rxh8 32. Re7) 31... R8h3 (31... Bxe3 $16 32. Rxe3 (32. Kxe3 Rf8 $16) 32... g4) 32. Bxf4 {White is clearly better.} gxf4 33. Rxf4 $18 {KRR-KRR} Rh7 34. Rf8+ Kc7 35. Rf3 Re7+ 36. Re3 Rd7 37. c3 a5 38. d4 {Accuracy: White = 55%, Black = 48%.} 1-0

[Event "401 Stay Safe Play From Home series"]
[Site "Emanuel Lasker Arena"]
[Date "2020.08.21"]
[Round "2"]
[White "Schachwerk_64"]
[Black "Trotsky"]
[Result "1-0"]
[WhiteElo "1933"]
[BlackElo "1599"]
[Annotator "NA RC"]
[PlyCount "55"]
[EventDate "2020.08.21"]
[EventType "swiss (blitz)"]

1. e4 {[%emt 0:00:02]} c5 {[%emt 0:00:01]} 2. Nf3 {[%emt 0:00:01]} e6 {[%emt 0:00:01]} 3. g3 {[%emt 0:00:02]} d5 {[%emt 0:00:01]} 4. exd5 {[%emt 0:00:01]} exd5 {[%emt 0:00:01]} 5. d4 {[%emt 0:00:00]} Be6 {[%emt 0:00:01]} 6. Bg2 {[%emt 0:00:01]} Nc6 {[%emt 0:00:01]} 7. O-O {[%emt 0:00:01]} Qc8 {[%emt 0:00:01]} 8. dxc5 {[%emt 0:00:01]} Bxc5 {[%emt 0:00:01]} 9. Re1 {[%emt 0:00:00]} Qc7 {[%emt 0:00:01]} 10. Bh3 {[%emt 0:00:02]} O-O-O {[%emt 0:00:03]} 11. Bg2 {[%emt 0:00:01]} Bd6 {[%emt 0:00:01]} 12. Nd4 {[%emt 0:00:02]} h5 {[%emt 0:00:02]} 13. Nxe6 {[%emt 0:00:01]} fxe6 {[%emt 0:00:01]} 14. Rxe6 {[%emt 0:00:01]} Nf6 {[%emt 0:00:01]} 15. Bh3 {[%emt 0:00:01]} Kb8 {[%emt 0:00:01]} 16. Nc3 {[%emt 0:00:01]} a6 {[%emt 0:00:02]} 17. b4 {[%emt 0:00:02]} Ng4 {[%emt 0:00:01]} 18. b5 {[%emt 0:00:02]} Nce5 {[%emt 0:00:03]} 19. Nxd5 {[%emt 0:00:02]} Qd7 {[%emt 0:00:04]} 20. Nf4 {[%emt 0:00:03]} g5 {[%emt 0:00:03]} 21. bxa6 {[%emt 0:00:02]} gxf4 {[%emt 0:00:02]} 22. axb7 {[%emt 0:00:10]} Qc7 {[%emt 0:00:02]} 23. Qe2 {[%emt 0:00:03]} fxg3 {[%emt 0:00:02]} 24. hxg3 {[%emt 0:00:02]} h4 {[%emt 0:00:01]} 25. Rb1 {[%emt 0:00:05]} hxg3 {[%emt 0:00:03]} 26. fxg3 {[%emt 0:00:00]} Rxh3 {[%emt 0:00:03]} 27. Qa6 {[%emt 0:00:00]} Rdh8 {[%emt 0:00:03]} 28. Qa8# {[%emt 0:00:01] (Lag: Av=0.28s, max=0.8s) (Lag: Av=0.28s, max=0.8s) (Lag: Av=0.28s, max=0.8s)} 1-0

[Event "401 Stay Safe Play From Home series"]
[Site "Emanuel Lasker Arena"]
[Date "2020.08.21"]
[Round "2"]
[White "Klasman"]
[Black "Buzaglo"]
[Result "0-1"]
[WhiteElo "1395"]
[BlackElo "1869"]
[Annotator "NA RC"]
[PlyCount "46"]
[EventDate "2020.08.21"]
[EventType "swiss (blitz)"]

1. f4 {[%emt 0:00:02]} e6 {[%emt 0:00:00]} 2. c4 {[%emt 0:00:02]} d5 {[%emt 0:00:00]} 3. cxd5 {[%emt 0:00:01]} exd5 {[%emt 0:00:00]} 4. d4 {[%emt 0:00:01]} c5 {[%emt 0:00:00]} 5. Nf3 {[%emt 0:00:04]} Nf6 {[%emt 0:00:01]} 6. e3 {[%emt 0:00:01]} cxd4 {[%emt 0:00:01]} 7. exd4 {[%emt 0:00:02]} Nc6 {[%emt 0:00:00]} 8. Bb5 {[%emt 0:00:02]} Bb4+ {[%emt 0:00:01]} 9. Nc3 {[%emt 0:00:03]} O-O {[%emt 0:00:01]} 10. Qb3 {[%emt 0:00:04]} Ne4 {[%emt 0:00:01]} 11. Bxc6 {[%emt 0:00:05]} Bxc3+ {[%emt 0:00:03]} 12. bxc3 {[%emt 0:00:02]} bxc6 {[%emt 0:00:01]} 13. O-O {[%emt 0:00:04]} Ba6 {[%emt 0:00:03]} 14. Re1 {[%emt 0:00:04]} Rb8 {[%emt 0:00:03]} 15. Qc2 {[%emt 0:00:07]} f5 {[%emt 0:00:02]} 16. Ba3 {[%emt 0:00:01]} Re8 {[%emt 0:00:01]} 17. Ne5 {[%emt 0:00:01]} Qc7 {[%emt 0:00:10]} 18. Rab1 {[%emt 0:00:01]} c5 {[%emt 0:00:04]} 19. Rxb8 {[%emt 0:00:02]} Rxb8 {[%emt 0:00:00]} 20. Rb1 {[%emt 0:00:01]} cxd4 {[%emt 0:00:08]} 21. Rxb8+ {[%emt 0:00:02]} Qxb8 {[%emt 0:00:00]} 22. cxd4 {[%emt 0:00:04]} Qc8 {[%emt 0:00:02]} 23. Qa4 {[%emt 0:00:04]} Qc1+ {[%emt 0:00:02] Time Time Time (Lag: Av=0.68s, max=1.2s) (Lag: Av=0.68s, max=1.2s) (Lag: Av=0.68s, max=1.2s)} 0-1

[Event "401 Stay Safe Play From Home series"]
[Site "Emanuel Lasker Arena"]
[Date "2020.08.21"]
[Round "2"]
[White "Oscolucano"]
[Black "AChessPlayer"]
[Result "0-1"]
[WhiteElo "1113"]
[BlackElo "2450"]
[Annotator "TA"]
[PlyCount "40"]
[EventDate "2020.08.21"]
[EventType "swiss (blitz)"]

{[%evp 11,40,35,41,-34,52,-27,60,66,64,39,69,6,18,6,25,-62,-20,-91,-97,-91,-69,-177,-169,-193,-109,-102,-106,-182,-151,-170,-158]} 1. d4 Nf6 2. c4 g6 3. Nc3 Bg7 4. e4 d6 5. Bd3 O-O 6. Nge2 Nc6 7. Be3 {E70: King's Indian: Miscellaneous lines with 4 e4, including 5 Nge2 and 5 Bd3 0-0 6 Nge2.} (7. O-O $14) 7... a5 ({Better is} 7... Ng4 $1 $15) 8. a3 {[#]} (8. f3 $14) 8... e5 $146 (8... Ng4 $1 $11) ({Predecessor:} 8... Bd7 9. f3 b6 10. O-O e5 11. d5 Ne7 12. Qd2 c5 13. Bh6 Nh5 14. Bxg7 Kxg7 {½-½ (22) Frawley,M (1207)-Wood,L (1288) Erindale 1998}) 9. d5 $14 {White is slightly better.} Ne7 10. O-O Nd7 11. f4 (11. f3 $14) 11... exf4 $11 12. Bxf4 Ne5 13. Bb1 ({White should try} 13. Qd2 $11) 13... f5 14. Qd2 (14. Qb3 $11 {keeps the balance.}) 14... Nxc4 $17 15. Qc2 Ne5 $36 {[%mdl 2048] Black fights for an advantage.} 16. exf5 (16. Ba2 $15) 16... Bxf5 $19 17. Qd2 {[#]} Bxb1 (17... Nc4 $1 $19 {[%cal Rc4d2]} 18. Qc1 Qd7) 18. Raxb1 $17 Nf5 19. Bg5 (19. Ne4 $17) 19... Qe8 20. Ng3 Nc4 {Accuracy: White = 21%, Black = 44%.} 0-1

[Event "401 Stay Safe Play From Home series"]
[Site "Emanuel Lasker Arena"]
[Date "2020.08.21"]
[Round "3"]
[White "NTBT_DHS"]
[Black "IceQueen"]
[Result "1-0"]
[WhiteElo "2504"]
[BlackElo "2443"]
[Annotator "TA"]
[PlyCount "75"]
[EventDate "2020.08.21"]
[EventType "swiss (blitz)"]

{[%evp 10,75,71,70,87,69,76,63,77,68,91,86,100,116,108,98,93,95,248,237,247,252,295,252,269,248,323,325,364,363,374,381,397,375,391,386,425,312,352,393,477,482,455,342,612,416,367,-44,-38,-66,-72,-82,-7,-31,0,0,0,-27,647,647,647,640,639,639,514,484,29988,29989]} 1. d4 c5 2. Nc3 Nf6 3. d5 e5 4. e4 d6 5. Bb5+ Nbd7 6. a4 {[%cal Ba2a4,Ba4a5,Ba5b6][%mdl 32]} a6 {A44: Semi-Benoni.} 7. Be2 Be7 8. Nf3 O-O {White is slightly better.} 9. Nd2 Rb8 10. a5 Ne8 {[#]} 11. Nc4 $146 ({Predecessor:} 11. O-O Bg5 12. g3 b5 13. axb6 Nxb6 14. b3 g6 15. Bb2 Ra8 16. Nc4 Bh3 17. Re1 {1-0 (31) Hoffman,A (2385)-Leme,J (2115) Mar del Plata 1990}) 11... Nc7 12. O-O b5 13. axb6 $1 Nb5 $2 (13... Nxb6 $16 14. Na5 Bd7) 14. Na4 $18 Nd4 15. Bd3 f5 16. exf5 Nxf5 17. f4 Nd4 18. c3 Nb5 19. fxe5 Rxf1+ 20. Qxf1 Nxe5 21. Nxe5 dxe5 22. Be3 Kh8 23. Rd1 Bg4 24. Be2 Bd7 25. Nxc5 Qxb6 26. Qf2 Be8 $2 (26... Qd8 27. Nxa6 Ra8) 27. Ne6 Qb7 28. b4 $2 (28. Qf5 $18 {aiming for Nf8.} Bd6 29. Qg4) 28... Nxc3 $15 {[%mdl 64] Double Attack} 29. Rf1 {Qf8+! would kill now.} Nxe2+ (29... Qxb4 $6 30. Bd3 $16) 30. Qxe2 Bg6 ({Much weaker is} 30... Bxb4 $6 31. Qb2 $11) ({Black should try} 30... Qxd5 $17 31. Nc7 Qe4) 31. Bc5 Bxc5+ 32. Nxc5 Qxd5 33. Qxa6 h6 $2 {[%mdl 8192]} (33... Qd4+ $11 34. Kh1 Qxb4) 34. Qxg6 $18 {Intending Ne6 and mate.} Qd4+ 35. Kh1 {White wants to mate with Ne6!} Qxb4 36. Ne6 {[%csl Ge6][%cal Rg6g7]} Qe7 37. h3 {Threatens to win with Rf7.} ({Avoid the trap} 37. Rf7 $2 {[#]} Qxf7 $1 {[%mdl 512]} 38. Qd3 e4 $19) 37... Re8 {[#]} (37... Kg8 $18 38. Rf5 e4) 38. Rf7 $1 {Accuracy: White = 63%, Black = 44%.} 1-0

[Event "401 Stay Safe Play From Home series"]
[Site "Emanuel Lasker Arena"]
[Date "2020.08.21"]
[Round "3"]
[White "AChessPlayer"]
[Black "Hickey"]
[Result "1-0"]
[WhiteElo "2450"]
[BlackElo "2232"]
[Annotator "RC"]
[PlyCount "137"]
[EventDate "2020.08.21"]
[EventType "swiss (blitz)"]

1. Nf3 {[%emt 0:00:02]} Nf6 {[%emt 0:00:02]} 2. g3 {[%emt 0:00:00]} e6 {[%emt 0:00:00]} 3. Bg2 {[%emt 0:00:01]} c5 {[%emt 0:00:00]} 4. O-O {[%emt 0:00:00]} Be7 {[%emt 0:00:01]} 5. c4 {[%emt 0:00:00]} O-O {[%emt 0:00:01]} 6. d4 {[%emt 0:00:00]} cxd4 {[%emt 0:00:00]} 7. Nxd4 {[%emt 0:00:00]} Nc6 {[%emt 0:00:00]} 8. Nc3 {[%emt 0:00:01]} a6 {[%emt 0:00:01]} 9. Bf4 {[%emt 0:00:01]} Nxd4 {[%emt 0:00:04]} 10. Qxd4 {[%emt 0:00:01]} d6 {[%emt 0:00:00]} 11. Be3 {[%emt 0:00:02]} Qc7 {[%emt 0:00:02]} 12. Rac1 {[%emt 0:00:01]} Bd7 {[%emt 0:00:01]} 13. b3 {[%emt 0:00:01]} Bc6 {[%emt 0:00:01]} 14. Nd5 {[%emt 0:00:01]} Qd8 {[%emt 0:00:04]} 15. Nxe7+ {[%emt 0:00:01]} Qxe7 {[%emt 0:00:01]} 16. Rfd1 {[%emt 0:00:02]} Rfd8 {[%emt 0:00:01]} 17. Bg5 {[%emt 0:00:02]} Bxg2 {[%emt 0:00:01]} 18. Kxg2 {[%emt 0:00:00]} h6 {[%emt 0:00:00]} 19. Bxf6 {[%emt 0:00:01]} Qxf6 {[%emt 0:00:00]} 20. Qxf6 {[%emt 0:00:01]} gxf6 {[%emt 0:00:00]} 21. Rd3 {[%emt 0:00:00]} Kf8 {[%emt 0:00:00]} 22. Rcd1 {[%emt 0:00:00]} Ke7 {[%emt 0:00:00]} 23. Rd4 {[%emt 0:00:01]} b5 {[%emt 0:00:01]} 24. Rh4 {[%emt 0:00:01]} Rh8 {[%emt 0:00:04]} 25. cxb5 {[%emt 0:00:01]} axb5 {[%emt 0:00:01]} 26. a4 {[%emt 0:00:00]} bxa4 {[%emt 0:00:01]} 27. bxa4 {[%emt 0:00:00]} Ra7 {[%emt 0:00:00]} 28. Rb1 {[%emt 0:00:01]} Rha8 {[%emt 0:00:01]} 29. Rxh6 {[%emt 0:00:03]} Rxa4 {[%emt 0:00:02]} 30. Rb7+ {[%emt 0:00:00]} Kf8 {[%emt 0:00:04]} 31. Rh7 {[%emt 0:00:01]} f5 {[%emt 0:00:06]} 32. Rbxf7+ {[%emt 0:00:02]} Kg8 {[%emt 0:00:00]} 33. Rfg7+ {[%emt 0:00:00]} Kf8 {[%emt 0:00:01]} 34. h4 {[%emt 0:00:00]} Rg4 {[%emt 0:00:02]} 35. Rb7 {[%emt 0:00:03]} Re8 {[%emt 0:00:02]} 36. h5 {[%emt 0:00:04]} d5 {[%emt 0:00:01]} 37. h6 {[%emt 0:00:01]} f4 {[%emt 0:00:01]} 38. Rhf7+ {[%emt 0:00:02]} Kg8 {[%emt 0:00:01]} 39. Rxf4 {[%emt 0:00:00]} Rxf4 {[%emt 0:00:02]} 40. gxf4 {[%emt 0:00:00]} Rf8 {[%emt 0:00:01]} 41. e3 {[%emt 0:00:01]} Rf6 {[%emt 0:00:00]} 42. h7+ {[%emt 0:00:02]} Kh8 {[%emt 0:00:00]} 43. Kf3 {[%emt 0:00:00]} Rg6 {[%emt 0:00:00]} 44. Re7 {[%emt 0:00:01]} Rf6 {[%emt 0:00:01]} 45. Re8+ {[%emt 0:00:00]} Kxh7 {[%emt 0:00:01]} 46. Kg4 {[%emt 0:00:00]} Kg7 {[%emt 0:00:00]} 47. Re7+ {[%emt 0:00:02]} Kg6 {[%emt 0:00:01]} 48. Ra7 {[%emt 0:00:01]} Rf7 {[%emt 0:00:01]} 49. Rxf7 {[%emt 0:00:02]} Kxf7 {[%emt 0:00:00]} 50. Kg5 {[%emt 0:00:01]} Kg7 {[%emt 0:00:01]} 51. f5 {[%emt 0:00:00]} e5 {[%emt 0:00:00]} 52. f6+ {[%emt 0:00:03]} Kf7 {[%emt 0:00:00]} 53. Kf5 {[%emt 0:00:01]} d4 {[%emt 0:00:00]} 54. exd4 {[%emt 0:00:00]} exd4 {[%emt 0:00:00]} 55. Ke4 {[%emt 0:00:00]} d3 {[%emt 0:00:00]} 56. Kxd3 {[%emt 0:00:00]} Kxf6 {[%emt 0:00:00]} 57. Ke4 {[%emt 0:00:00]} Ke6 {[%emt 0:00:01]} 58. Kf4 {[%emt 0:00:00]} Kf6 {[%emt 0:00:01]} 59. f3 {[%emt 0:00:00]} Kf7 {[%emt 0:00:00]} 60. Kf5 {[%emt 0:00:01]} Kg7 {[%emt 0:00:00]} 61. Ke6 {[%emt 0:00:00]} Kf8 {[%emt 0:00:00]} 62. Kf6 {[%emt 0:00:00]} Ke8 {[%emt 0:00:00]} 63. f4 {[%emt 0:00:00]} Kf8 {[%emt 0:00:00]} 64. f5 {[%emt 0:00:00]} Ke8 {[%emt 0:00:01]} 65. Kg7 {[%emt 0:00:00]} Kd7 {[%emt 0:00:00]} 66. f6 {[%emt 0:00:00]} Kc6 {[%emt 0:00:00]} 67. f7 {[%emt 0:00:00]} Kc5 {[%emt 0:00:00]} 68. f8=Q+ {[%emt 0:00:00]} Kc4 {[%emt 0:00:00]} 69. Qf6 {[%emt 0:00:00] Time Time Time (Lag: Av=0.74s, max=1.6s) (Lag: Av=0.74s, max=1.6s) (Lag: Av=0.74s, max=1.6s)} 1-0

[Event "401 Stay Safe Play From Home series"]
[Site "Emanuel Lasker Arena"]
[Date "2020.08.21"]
[Round "3"]
[White "Lamborghini"]
[Black "MihailoVujic"]
[Result "0-1"]
[WhiteElo "2276"]
[BlackElo "2196"]
[Annotator "TA"]
[PlyCount "70"]
[EventDate "2020.08.21"]
[EventType "swiss (blitz)"]

{[%evp 9,70,39,44,39,62,35,58,48,87,71,105,116,247,66,351,349,341,292,283,201,208,85,229,70,99,15,170,165,382,382,372,360,463,451,443,444,458,458,502,488,517,335,361,353,344,336,447,463,411,417,417,417,417,218,218,-747,-745,-737,-722,-669,-655,-1632,-1569]} 1. e4 Nc6 2. d4 e5 3. d5 Nce7 4. h4 d6 5. c4 f5 6. Nc3 {B00: Queen's Fianchetto Defence, Nimzowitsch Defence.} Nf6 7. exf5 {[#]} Bxf5 $146 ({Predecessor:} 7... Nxf5 8. g4 Nd4 9. g5 Nd7 10. Nf3 Qe7 11. Bh3 g6 12. h5 gxh5 13. Kf1 Nxf3 14. Qxf3 {½-½ (66) Huhndorf,A (2224)-Mamedov,N (2597) Albena 2017}) 8. Nge2 {White is slightly better.} Qd7 9. Ng3 O-O-O 10. Nxf5 Nxf5 (10... Qxf5 $16 11. g4 Qg6) 11. g3 $2 ({Only move:} 11. g4 $1 $18) 11... Nd4 $2 {[%mdl 8192]} (11... Kb8 $14) 12. Bh3 $18 Nf5 {Black hopes to continue with ...Ng8.} 13. Bg5 Be7 14. Qf3 g6 {[#]} 15. O-O-O (15. Bxf6 $1 $18 {is the precise move to win.} Bxf6 16. g4) 15... Kb8 {[#]} (15... h5 $16) 16. Rhe1 $2 (16. Bxf6 $1 $18 Bxf6 17. g4) 16... Rhf8 17. Qe2 (17. c5 $16) 17... h6 $2 {[#]} (17... Nxg3 $11 {and Black is okay.} 18. Qxe5 dxe5 19. Bxd7 Rxd7 20. fxg3 Ng4) 18. Bxh6 $1 {[%mdl 512]} Nd4 $2 (18... Rh8) (18... Nxh6 19. Bxd7) 19. Bxd7 Nxe2+ 20. Rxe2 ({Resist} 20. Nxe2 Nxd7 21. Bxf8 Rxf8 $18) 20... Rxd7 21. Bxf8 Bxf8 22. Ne4 Ng4 23. f3 Nh6 24. g4 Be7 25. Ng5 Bxg5+ 26. hxg5 {[%mdl 4096] Endgame KRR-KRN} Nf7 27. f4 b6 28. Rh1 exf4 29. Rh7 Ne5 30. Rxd7 Nxd7 {KR-KN} 31. Rf2 (31. Kd2 $142) 31... Ne5 {aiming for ...Nd3+.} 32. Rxf4 $4 {[%mdl 8192]} (32. Kd2 $18) 32... Nd3+ $19 {[%mdl 64] Double Attack. Black is clearly winning.} 33. Kd2 Nxf4 34. Ke3 Nh3 35. c5 bxc5 {Black used his chance. Accuracy: White = 41%, Black = 34%.} 0-1

[Event "401 Stay Safe Play From Home series"]
[Site "Emanuel Lasker Arena"]
[Date "2020.08.21"]
[Round "3"]
[White "Lazieri3"]
[Black "Haris kollari 13"]
[Result "1-0"]
[WhiteElo "1967"]
[BlackElo "1754"]
[Annotator "NA RC"]
[PlyCount "87"]
[EventDate "2020.08.21"]
[EventType "swiss (blitz)"]

1. e4 {[%emt 0:00:01]} e6 {[%emt 0:00:00]} 2. Nc3 {[%emt 0:00:01]} d5 {[%emt 0:00:00]} 3. exd5 {[%emt 0:00:01]} exd5 {[%emt 0:00:01]} 4. d4 {[%emt 0:00:00]} c6 {[%emt 0:00:01]} 5. Nf3 {[%emt 0:00:01]} Bg4 {[%emt 0:00:01]} 6. Bf4 {[%emt 0:00:01]} Bd6 {[%emt 0:00:01]} 7. Bxd6 {[%emt 0:00:01]} Qxd6 {[%emt 0:00:01]} 8. a3 {[%emt 0:00:00]} Ne7 {[%emt 0:00:01]} 9. Be2 {[%emt 0:00:01]} O-O {[%emt 0:00:01]} 10. O-O {[%emt 0:00:00]} Re8 {[%emt 0:00:01]} 11. h3 {[%emt 0:00:01]} Bh5 {[%emt 0:00:01]} 12. Ne5 {[%emt 0:00:01]} Bxe2 {[%emt 0:00:02]} 13. Nxe2 {[%emt 0:00:00]} Ng6 {[%emt 0:00:04]} 14. Nxg6 {[%emt 0:00:01]} Qxg6 {[%emt 0:00:01]} 15. c3 {[%emt 0:00:01]} Nd7 {[%emt 0:00:01]} 16. Nf4 {[%emt 0:00:01]} Qf5 {[%emt 0:00:02]} 17. Nd3 {[%emt 0:00:01]} Re6 {[%emt 0:00:02]} 18. Re1 {[%emt 0:00:02]} Rae8 {[%emt 0:00:01]} 19. Rxe6 {[%emt 0:00:01]} Qxe6 {[%emt 0:00:01]} 20. Qd2 {[%emt 0:00:02]} Qe2 {[%emt 0:00:02]} 21. Rd1 {[%emt 0:00:01]} c5 {[%emt 0:00:04]} 22. Nxc5 {[%emt 0:00:02]} Nxc5 {[%emt 0:00:02]} 23. dxc5 {[%emt 0:00:00]} Qxd2 {[%emt 0:00:01]} 24. Rxd2 {[%emt 0:00:00]} Re5 {[%emt 0:00:02]} 25. b4 {[%emt 0:00:02]} Kf8 {[%emt 0:00:01]} 26. f4 {[%emt 0:00:02]} Re4 {[%emt 0:00:02]} 27. Rxd5 {[%emt 0:00:03]} Ke7 {[%emt 0:00:04]} 28. Re5+ {[%emt 0:00:03]} Rxe5 {[%emt 0:00:02]} 29. fxe5 {[%emt 0:00:00]} Ke6 {[%emt 0:00:00]} 30. Kf2 {[%emt 0:00:00]} Kxe5 {[%emt 0:00:00]} 31. Ke3 {[%emt 0:00:00]} Kd5 {[%emt 0:00:00]} 32. Kd3 {[%emt 0:00:01]} f5 {[%emt 0:00:01]} 33. c4+ {[%emt 0:00:01]} Ke5 {[%emt 0:00:02]} 34. a4 {[%emt 0:00:01]} g5 {[%emt 0:00:01]} 35. a5 {[%emt 0:00:02]} h5 {[%emt 0:00:03]} 36. b5 {[%emt 0:00:01]} g4 {[%emt 0:00:02]} 37. h4 {[%emt 0:00:01]} f4 {[%emt 0:00:01]} 38. c6 {[%emt 0:00:18]} bxc6 {[%emt 0:00:03]} 39. b6 {[%emt 0:00:00]} axb6 {[%emt 0:00:02]} 40. axb6 {[%emt 0:00:00]} Kd6 {[%emt 0:00:02]} 41. c5+ {[%emt 0:00:01]} Kd7 {[%emt 0:00:01]} 42. Ke4 {[%emt 0:00:01]} f3 {[%emt 0:00:01]} 43. gxf3 {[%emt 0:00:00]} g3 {[%emt 0:00:01]} 44. Ke3 {[%emt 0:00:01] Time Time Time} 1-0

[Event "401 Stay Safe Play From Home series"]
[Site "Emanuel Lasker Arena"]
[Date "2020.08.21"]
[Round "3"]
[White "Schachwerk_64"]
[Black "Mepe_Nika"]
[Result "0-1"]
[WhiteElo "1937"]
[BlackElo "2334"]
[Annotator "NA RC"]
[PlyCount "104"]
[EventDate "2020.08.21"]
[EventType "swiss (blitz)"]

1. g3 {[%emt 0:00:02]} h5 {[%emt 0:00:02]} 2. Bg2 {[%emt 0:00:00]} h4 {[%emt 0:00:00]} 3. Nf3 {[%emt 0:00:01]} h3 {[%emt 0:00:01]} 4. Bf1 {[%emt 0:00:01]} Nc6 {[%emt 0:00:00]} 5. Ng5 {[%emt 0:00:01]} d6 {[%emt 0:00:01]} 6. f4 {[%emt 0:00:02]} e5 {[%emt 0:00:01]} 7. e4 {[%emt 0:00:01]} Be7 {[%emt 0:00:02]} 8. d3 {[%emt 0:00:02]} exf4 {[%emt 0:00:04]} 9. gxf4 {[%emt 0:00:02]} Bxg5 {[%emt 0:00:01]} 10. fxg5 {[%emt 0:00:01]} Nge7 {[%emt 0:00:00]} 11. Be3 {[%emt 0:00:04]} Be6 {[%emt 0:00:01]} 12. Nc3 {[%emt 0:00:01]} d5 {[%emt 0:00:01]} 13. exd5 {[%emt 0:00:02]} Nxd5 {[%emt 0:00:00]} 14. Qd2 {[%emt 0:00:02]} Nxe3 {[%emt 0:00:02]} 15. Qxe3 {[%emt 0:00:00]} Qd4 {[%emt 0:00:02]} 16. Qxd4 {[%emt 0:00:02]} Nxd4 {[%emt 0:00:00]} 17. O-O-O {[%emt 0:00:01]} O-O-O {[%emt 0:00:00]} 18. Rg1 {[%emt 0:00:02]} Rde8 {[%emt 0:00:01]} 19. Rg3 {[%emt 0:00:03]} Rh4 {[%emt 0:00:01]} 20. Re1 {[%emt 0:00:01]} Nf5 {[%emt 0:00:02]} 21. Rf3 {[%emt 0:00:02]} Nd6 {[%emt 0:00:01]} 22. Ne4 {[%emt 0:00:02]} Nxe4 {[%emt 0:00:01]} 23. Rxe4 {[%emt 0:00:01]} Rxe4 {[%emt 0:00:01]} 24. dxe4 {[%emt 0:00:01]} Bg4 {[%emt 0:00:01]} 25. Rg3 {[%emt 0:00:02]} Rxe4 {[%emt 0:00:02]} 26. Bxh3 {[%emt 0:00:01]} Bxh3 {[%emt 0:00:01]} 27. Rxh3 {[%emt 0:00:00]} Rg4 {[%emt 0:00:02]} 28. Rg3 {[%emt 0:00:01]} Rxg3 {[%emt 0:00:01]} 29. hxg3 {[%emt 0:00:00]} Kd7 {[%emt 0:00:00]} 30. Kd2 {[%emt 0:00:00]} Ke6 {[%emt 0:00:00]} 31. Ke3 {[%emt 0:00:00]} Kf5 {[%emt 0:00:00]} 32. Kd4 {[%emt 0:00:01]} Kxg5 {[%emt 0:00:01]} 33. Kd5 {[%emt 0:00:01]} Kg4 {[%emt 0:00:00]} 34. c4 {[%emt 0:00:00]} Kxg3 {[%emt 0:00:01]} 35. c5 {[%emt 0:00:00]} f5 {[%emt 0:00:00]} 36. b4 {[%emt 0:00:01]} f4 {[%emt 0:00:01]} 37. b5 {[%emt 0:00:00]} f3 {[%emt 0:00:01]} 38. b6 {[%emt 0:00:00]} cxb6 {[%emt 0:00:01]} 39. cxb6 {[%emt 0:00:01]} axb6 {[%emt 0:00:01]} 40. Kc4 {[%emt 0:00:01]} f2 {[%emt 0:00:00]} 41. Kb5 {[%emt 0:00:00]} f1=Q+ {[%emt 0:00:00]} 42. Kxb6 {[%emt 0:00:00]} Qa6+ {[%emt 0:00:01]} 43. Kc5 {[%emt 0:00:01]} Qxa2 {[%emt 0:00:00]} 44. Kb5 {[%emt 0:00:01]} Qd5+ {[%emt 0:00:01]} 45. Kb6 {[%emt 0:00:01]} Qc6+ {[%emt 0:00:01]} 46. Ka7 {[%emt 0:00:01]} b5 {[%emt 0:00:01]} 47. Kb8 {[%emt 0:00:02]} Qd7 {[%emt 0:00:00]} 48. Ka8 {[%emt 0:00:01]} Kf4 {[%emt 0:00:00]} 49. Kb8 {[%emt 0:00:00]} Ke5 {[%emt 0:00:00]} 50. Ka8 {[%emt 0:00:01]} Kd6 {[%emt 0:00:00]} 51. Kb8 {[%emt 0:00:00]} Kc6 {[%emt 0:00:00]} 52. Ka8 {[%emt 0:00:00]} Qb7# {[%emt 0:00:00] (Lag: Av=0.39s, max=0.8s) (Lag: Av=0.39s, max=0.8s) (Lag: Av=0.39s, max=0.8s)} 0-1